000 00574nam a2200205Ia 4500
001 4021
003 AR-BaAGN
005 20231116145117.0
007 ta
008 211213s1939 ag |||||||||||||| ||spa d
040 _dAR-BaAGN
_aAR-BaAGN
_bspa
_eaacr
110 2 _aUniversidad de Buenos Aires.
_bFacultad de Filosofía y Letras
_94798
245 1 0 _aPublicaciones de la Facultad de Filosofía y Letras
260 _aBuenos Aires :
_bConi,
_c1939.
300 _a[48] páginas
336 _2rdacontent
_btxt
337 _2rdamedia
_bn
338 _2rdacarrier
_bnc
942 _cLIBRO
999 _c4021
_d4021